00462 2200181 4500001002100000005001500021035002000036007000300056008004100059020002200100082000800122084001400130100002000144245005000164260003300214300001900247600001400266INLIS00000000000166720241109043410 a0010-1124000150ta241109 b 0 ind  a978-602-370-322-7 a041 a041 IMA t0 aIMAM KR. MONCOL1 aTAPAK SI RAJA RIMBA /cTeam Bintang Indonesia aJakarta :bBintang Indonesia a24 hlm :bilus 4aNon Fiksi